Tilastot visalle Himalajan valtiot

Klikkaa tästä pelataksesi tätä visaa!

Yleistilastot

  • Tätä visaa on pelattu 409 kertaa
  • Keskiarvotulos 5 / 5

Vastaustilastot

Valtio% Oikein
Nepal
98%
Intia
96%
Kiina
96%
Pakistan
89%
Bhutan
85%

Tulosjakauma

Persentiili vastausten määrän mukaan

Jokaisen tuloksen saaneiden osuus

Tuloshistoriasi

Et ole pelannut tätä visaa